Research method in agroindustry (Record no. 10264)
[ view plain ]
| 000 -LEADER | |
|---|---|
| fixed length control field | 00229nam a22001097a 4500 |
| 040 ## - CATALOGING SOURCE | |
| Transcribing agency | SK |
| 082 ## - DEWEY DECIMAL CLASSIFICATION NUMBER | |
| Classification number | 001 |
| 100 ## - MAIN ENTRY--AUTHOR NAME | |
| Personal name | CHAY KONGKRUY |
| 245 ## - TITLE STATEMENT | |
| Title | Research method in agroindustry |
| 260 ## - PUBLICATION, DISTRIBUTION, ETC. (IMPRINT) | |
| Place of publication | Phnom Penh |
| Name of publisher | CHA |
| Year of publication | 2012 |
| 942 ## - ADDED ENTRY ELEMENTS (KOHA) | |
| Koha item type | សៀវភៅភាសាខ្មែរ |
| 952 ## - LOCATION AND ITEM INFORMATION (KOHA) | |
| Withdrawn status [LOCAL, KOHA] | 0 |
| Koha item type | Barcode | Lost status | Permanent Location | Current Location | Date acquired | Full call number |
|---|---|---|---|---|---|---|
| សៀវភៅភាសាខ្មែរ | RUA045621 | Library Block C | Library Block C | 2016-09-27 | 001 CHA 2012 C041 |